000 01152nam a22002897a 4500
999 _c23574
_d23574
003 AR-CdUCM
008 260331b2024 pe ||||| |||| 00| 0 spa d
040 _aMUNICIPALIDAD PROVINCIAL DEL CUSCO
_cBIBLIOTECA MUNICIPAL DEL CUSCO
041 _hspa
082 _a616.89 /
_bB12
100 _aBaca Manya, Elton John
_952455
245 _aManual de :
_bSemiología Quechua de la Salud Mental /
260 _aCusco - Perú :
_bManya Salas, Jesús
_c2024.
300 _a157 Páginas. :
_c15 x 20 cm.
505 _aContenido: Capítulo I: Definición de la salud mental -- Capítulo II: Trastornos mentales por funciones o esferas -- Capítulo III: Entrevista -- Capítulo IV: Preguntas traducidas al quechua, relacionadas con las funciones o esferas mentales....
650 _aSemiología psiquiátrica
_952456
650 _aSíntoma
_952457
650 _aSigno
_952458
650 _aSíndrome
_926839
650 _aDiagnóstico nosológico
_952459
650 _aConciencia
_911784
650 _aDelirio agudo
_952460
650 _aTrastornos
_921622
650 _aHerramientas y recursos
_952461
942 _2ddc
_cLIBROS
945 _ajmcs
_d31/03/2026